| 000 | 00000nam##2200000za#4500 |
| 001 | 9.578155 |
| 003 | CaOODSP |
| 005 | 20210624185943 |
| 007 | cr ||||||||||| |
| 008 | 150406|1985||||xxc|||||o f|0| 0 eng|d |
| 022 | |a1488-5379 |
| 040 | |aCaOODSP|beng |
| 043 | |an-cn--- |
| 086 | 1 |aFs97-6/1369E-PDF |
| 110 | 1 |aCanada. |bDepartment of Fisheries and Oceans. |
| 245 | 10|aObservations on the fate of experimentally induced wounds on adult Chinook salmon in sea water / |h[electronic resource]|cby G.R. Bell and J.W. Bagshaw. |
| 260 | |aNanaimo - British Columbia : |bFisheries and Oceans Canada |c1985. |
| 300 | |a34p.|bfigs. (some coloured), references |
| 490 | 1 |aCanadian technical report of fisheries and aquatic sciences|x1488-5379|vNo. 1369 |
| 500 | |aOn t.p.: Pacific Biological Station, Nanaimo, British Columbia. The catalogue number and ISSN for the print edition appear in the PDF version. |
| 546 | |a(Résumé en français) |
| 590 | |a13-28-Supp|b2013-12-09 |
| 720 | 1 |aBell, G. R. |
| 720 | 1 |aBagshaw, J. W. |
| 830 | #0|aCanadian technical report of fisheries and aquatic sciences,|x1488-5379|vNo. 1369|w(CaOODSP)9.504449 |
| 856 | 40|ahttp://publications.gc.ca|qPDF|s12,042 KB|uhttps://publications.gc.ca/collections/collection_2013/mpo-dfo/Fs97-6-1369-eng.pdf|yNo. 1369 |